<?xml version="1.0" encoding="UTF-8"?><?xml-stylesheet type="text/xsl" href="static/style.xsl"?><OAI-PMH xmlns="http://www.openarchives.org/OAI/2.0/" xmlns:xsi="http://www.w3.org/2001/XMLSchema-instance" xsi:schemaLocation="http://www.openarchives.org/OAI/2.0/ http://www.openarchives.org/OAI/2.0/OAI-PMH.xsd"><responseDate>2026-04-27T19:56:24Z</responseDate><request verb="GetRecord" identifier="oai:uvadoc.uva.es:10324/58823" metadataPrefix="marc">https://uvadoc.uva.es/oai/request</request><GetRecord><record><header><identifier>oai:uvadoc.uva.es:10324/58823</identifier><datestamp>2025-02-20T10:27:07Z</datestamp><setSpec>com_10324_28542</setSpec><setSpec>com_10324_952</setSpec><setSpec>com_10324_894</setSpec><setSpec>col_10324_28543</setSpec></header><metadata><record xmlns="http://www.loc.gov/MARC21/slim" xmlns:doc="http://www.lyncode.com/xoai" xmlns:xsi="http://www.w3.org/2001/XMLSchema-instance" xmlns:dcterms="http://purl.org/dc/terms/" xsi:schemaLocation="http://www.loc.gov/MARC21/slim http://www.loc.gov/standards/marcxml/schema/MARC21slim.xsd">
<leader>00925njm 22002777a 4500</leader>
<datafield tag="042" ind1=" " ind2=" ">
<subfield code="a">dc</subfield>
</datafield>
<datafield tag="720" ind1=" " ind2=" ">
<subfield code="a">Valverde Bastardo, Silvia</subfield>
<subfield code="e">author</subfield>
</datafield>
<datafield tag="720" ind1=" " ind2=" ">
<subfield code="a">Tapia García, Jesús Alberto</subfield>
<subfield code="e">author</subfield>
</datafield>
<datafield tag="720" ind1=" " ind2=" ">
<subfield code="a">Pérez Sanz, Araceli</subfield>
<subfield code="e">author</subfield>
</datafield>
<datafield tag="720" ind1=" " ind2=" ">
<subfield code="a">González Porto, Amelia Virginia</subfield>
<subfield code="e">author</subfield>
</datafield>
<datafield tag="720" ind1=" " ind2=" ">
<subfield code="a">Higes Pascual, Mariano</subfield>
<subfield code="e">author</subfield>
</datafield>
<datafield tag="720" ind1=" " ind2=" ">
<subfield code="a">Lucena, Juan J.</subfield>
<subfield code="e">author</subfield>
</datafield>
<datafield tag="720" ind1=" " ind2=" ">
<subfield code="a">Martín Hernández, Raquel</subfield>
<subfield code="e">author</subfield>
</datafield>
<datafield tag="720" ind1=" " ind2=" ">
<subfield code="a">Bernal del Nozal, José</subfield>
<subfield code="e">author</subfield>
</datafield>
<datafield tag="260" ind1=" " ind2=" ">
<subfield code="c">2023</subfield>
</datafield>
<datafield tag="520" ind1=" " ind2=" ">
<subfield code="a">In the present study, the mineral composition of seventy-one bee pollen samples from four different apiaries was determined by means of inductively coupled plasma-optical emission spectrometry. The results showed that there were no significant differences in relation to the overall mineral content per sample in terms of the apiary of origin or the harvesting period; the most common elements were phosphorus and potassium with concentrations ranging from 2.3 to 5.1 g/kg (dry weight). Moreover, the mineral content of the samples analyzed was similar to or higher than the recommended as well-balanced food for bees. Regarding the nutritional value for humans, bee pollen samples could be considered as a food rich in copper, iron, magnesium, manganese, and phosphorus. Finally, a canonical discriminant analysis was performed, and it was found that the apiary of origin could be distinguished by using the first three canonical functions; furthermore, over 90% of the samples could be correctly assigned to their corresponding apiary. The results were even better as regards the harvesting period, as only the first two canonical functions were sufficient to make a distinction between the different harvesting periods, resulting in a perfect match (100% of success rate).</subfield>
</datafield>
<datafield tag="024" ind2=" " ind1="8">
<subfield code="a">Journal of Food Composition and Analysis, Volume 119, 2023, 105235</subfield>
</datafield>
<datafield tag="024" ind2=" " ind1="8">
<subfield code="a">0889-1575</subfield>
</datafield>
<datafield tag="024" ind2=" " ind1="8">
<subfield code="a">https://uvadoc.uva.es/handle/10324/58823</subfield>
</datafield>
<datafield tag="024" ind2=" " ind1="8">
<subfield code="a">10.1016/j.jfca.2023.105235</subfield>
</datafield>
<datafield tag="024" ind2=" " ind1="8">
<subfield code="a">105235</subfield>
</datafield>
<datafield tag="024" ind2=" " ind1="8">
<subfield code="a">Journal of Food Composition and Analysis</subfield>
</datafield>
<datafield tag="024" ind2=" " ind1="8">
<subfield code="a">119</subfield>
</datafield>
<datafield ind1=" " ind2=" " tag="653">
<subfield code="a">Química analítica</subfield>
</datafield>
<datafield tag="245" ind1="0" ind2="0">
<subfield code="a">Mineral composition of bee pollen and its relationship with botanical origin and harvesting period</subfield>
</datafield>
</record></metadata></record></GetRecord></OAI-PMH>